[Event "X Open A"]
[Site "Bergamo ITA"]
[Date "2011.07.16"]
[Round "3"]
[White "Moroni, Luca jr"]
[Black "Trumpf, Walter"]
[WhiteElo "1964"]
[BlackElo "2073"]
[Result "1-0"]
[PlyCount "61"]
[EventDate "2011.07.15"]

1. e4 c5 2. Nf3 Nc6 3. d4 cxd4 4. Nxd4 e5 5. Nb5 a6 6. Nd6+ Bxd6 7. Qxd6 Qf6 8.
Qd1 Qg6 9. f3 Nge7 10. Nc3 O-O 11. Be3 d5 12. exd5 Nb4 13. Bd3 Nxd3+ 14. Qxd3
Bf5 15. Qd2 Bxc2 16. O-O Rfd8 17. Rac1 Bd3 18. Rfd1 Bc4 19. d6 Nf5 20. Bc5 b6
21. Ne4 bxc5 22. Rxc4 Nd4 23. Qf2 f5 24. Nxc5 Rxd6 25. Rcc1 Rad8 26. Re1 Rd5
27. b4 Ne6 28. Nxe6 Qxe6 29. Qe3 Qd6 30. Rc5 Re8 31. Qb3 1-0

[Event "X Open A"]
[Site "Bergamo ITA"]
[Date "2011.07.16"]
[Round "3"]
[White "Ranfagni, Stefano"]
[Black "Guzzetti, Luigi Enrico"]
[WhiteElo "2006"]
[BlackElo "1962"]
[Result "1-0"]
[PlyCount "113"]
[EventDate "2011.07.15"]

1. e4 c5 2. Nc3 e6 3. g3 Nc6 4. Bg2 Nf6 5. d3 Be7 6. f4 d6 7. Nf3 O-O 8. O-O a6
9. a4 Rb8 10. h3 Qc7 11. Be3 Rd8 12. g4 h6 13. Nh2 d5 14. g5 d4 15. gxf6 Bxf6
16. e5 Be7 17. Bd2 dxc3 18. bxc3 b5 19. axb5 axb5 20. Qh5 Bf8 21. Ng4 Ne7 22.
Kh2 Nf5 23. Be4 Bb7 24. Ra7 Qb6 25. Rxb7 Rxb7 26. Bxf5 exf5 27. Qxf5 Qg6 28.
Rg1 Qxf5 29. Nxh6+ Kh7 30. Nxf5 b4 31. cxb4 cxb4 32. Rb1 b3 33. Ne3 Rdb8 34. c4
Bc5 35. Nd5 Ra7 36. Bc3 Ra2+ 37. Kg3 Bf2+ 38. Kf3 Rc2 39. d4 b2 40. c5 Rb3 41.
Ke4 Bh4 42. Kd3 Rh2 43. Kc4 Rb8 44. c6 Bd8 45. Kc5 Rxh3 46. Kd6 Rb3 47. Kd7
Rhxc3 48. Nxc3 Ba5 49. Nd5 Rd3 50. Rxb2 Rxd4 51. Rb5 Bb6 52. Rxb6 Rxd5+ 53. Kc8
Rd4 54. c7 Rxf4 55. Kd7 Rd4+ 56. Rd6 Rc4 57. Rc6 1-0

[Event "X Open A"]
[Site "Bergamo ITA"]
[Date "2011.07.16"]
[Round "3"]
[White "Robertsen, Thomas"]
[Black "Reduzzi, Maurizio"]
[WhiteElo "2257"]
[BlackElo "2082"]
[Result "0-1"]
[PlyCount "108"]
[EventDate "2011.07.15"]

1. e4 e6 2. d4 d5 3. Nc3 Bb4 4. e5 c5 5. a3 Bxc3+ 6. bxc3 Qa5 7. Bd2 Qa4 8. Qb1
c4 9. Nh3 Nc6 10. Nf4 Nge7 11. Nh5 Rg8 12. g3 Bd7 13. Bh3 O-O-O 14. O-O Rdf8
15. Nf4 Rh8 16. Ng2 h5 17. f4 g6 18. Ne3 Nf5 19. Qb2 b6 20. Rfb1 Kc7 21. Nd1
Rb8 22. Qc1 b5 23. Nb2 Qa6 24. Qe1 Qc8 25. Nd1 a5 26. Ne3 Qf8 27. Bg2 Nxe3 28.
Qxe3 Qe7 29. Ra2 Rb7 30. h3 Rhb8 31. Be1 b4 32. axb4 axb4 33. cxb4 Nxb4 34.
Rxb4 Rxb4 35. Qa3 Kd8 36. Qa5+ Ke8 37. Bxb4 Qxb4 38. Qxb4 Rxb4 39. Kf2 c3 40.
Ke3 Rb2 41. Ra8+ Ke7 42. Kd3 Rb1 43. g4 Rg1 44. Bf3 Bb5+ 45. Ke3 hxg4 46. hxg4
Rc1 47. Ra7+ Kf8 48. f5 Rxc2 49. Ra8+ Kg7 50. f6+ Kh6 51. Rf8 Rc1 52. Rc8 Bc4
53. Kf4 g5+ 54. Kg3 c2 0-1

[Event "X Open A"]
[Site "Bergamo ITA"]
[Date "2011.07.16"]
[Round "3"]
[White "Rusev, Krasimir"]
[Black "Chiarion, Elisa"]
[Result "1-0"]
[WhiteElo "2528"]
[BlackElo "1964"]
[PlyCount "37"]
[EventDate "2011.07.15"]

1. d4 d5 2. Bf4 Nf6 3. e3 Bf5 4. c4 e6 5. Nc3 c6 6. Qb3 Qb6 7. c5 Qxb3 8. axb3
Nbd7 9. h3 h6 10. b4 Be7 11. b5 O-O 12. Nf3 Rfc8 13. b4 Ne4 14. Nxe4 Bxe4 15.
bxc6 bxc6 16. Ba6 Rf8 17. Bb7 Rad8 18. Bxc6 Nb8 19. Bb5 1-0

[Event "X Open A"]
[Site "Bergamo ITA"]
[Date "2011.07.16"]
[Round "3"]
[White "Sala, Giovanni"]
[Black "Giancotti, Eraldo"]
[WhiteElo "1967"]
[BlackElo "2070"]
[Result "0-1"]
[PlyCount "96"]
[EventDate "2011.07.15"]

1. c4 Nc6 2. g3 g6 3. Bg2 Bg7 4. Nc3 e5 5. e4 d6 6. Nge2 Be6 7. d3 h5 8. h4 Qd7
9. Nd5 Bg4 10. f3 Be6 11. Rb1 Nce7 12. O-O c6 13. Nxe7 Nxe7 14. b3 O-O-O 15.
Be3 Kb8 16. d4 d5 17. cxd5 cxd5 18. dxe5 Bxe5 19. Bf4 Bxf4 20. Nxf4 dxe4 21.
Qxd7 Bxd7 22. fxe4 Nc6 23. Nd5 Ne5 24. Rbc1 Bb5 25. Rfd1 Rc8 26. a4 Be2 27. Re1
Nf3+ 28. Bxf3 Bxf3 29. Rxc8+ Rxc8 30. Kf2 Bg4 31. Ke3 Be6 32. Kd4 Rd8 33. Re3
b6 34. Ke5 Bxd5 35. exd5 Re8+ 36. Kd4 Rxe3 37. Kxe3 Kc7 38. Kd4 Kd6 39. b4 a6
40. Ke4 b5 41. axb5 axb5 42. Kd4 f5 43. Ke3 Kxd5 44. Kd3 Ke6 45. Ke2 Kf6 46.
Kf2 g5 47. hxg5+ Kxg5 48. Kf3 f4 0-1

[Event "X Open A"]
[Site "Bergamo ITA"]
[Date "2011.07.16"]
[Round "3"]
[White "Seletsky, Grigory"]
[Black "Brunelli, Giovanni"]
[WhiteElo "2296"]
[BlackElo "1943"]
[Result "1-0"]
[PlyCount "27"]
[EventDate "2011.07.15"]

1. e4 e6 2. d4 d5 3. Nd2 dxe4 4. Nxe4 Bd7 5. Nf3 Bc6 6. Bd3 Nd7 7. O-O Ngf6 8.
Ng3 Bd6 9. Qe2 O-O 10. Ne5 Bxe5 11. dxe5 Nd5 12. Qh5 g6 13. Qh6 Nxe5 14. Nh5
1-0

[Event "X Open A"]
[Site "Bergamo ITA"]
[Date "2011.07.16"]
[Round "3"]
[White "Solodovnichenko, Yuri"]
[Black "Gorbatov, Alexej"]
[Result "1-0"]
[WhiteElo "2615"]
[BlackElo "2375"]
[PlyCount "61"]
[EventDate "2011.07.15"]

1. e4 e5 2. Nf3 d6 3. d4 Nd7 4. Bc4 c6 5. O-O Be7 6. dxe5 dxe5 7. Ng5 Bxg5 8.
Qh5 g6 9. Qxg5 Qxg5 10. Bxg5 Nc5 11. Nd2 Be6 12. Be2 f6 13. Be3 Nd7 14. Nc4 b6
15. a4 Ne7 16. a5 b5 17. Nd6+ Kd8 18. c4 Kc7 19. Rfd1 bxc4 20. Nxc4 Rhb8 21.
Rd2 Nc8 22. Rad1 Rb4 23. f4 h5 24. h3 h4 25. fxe5 Nxe5 26. Nxe5 fxe5 27. Bg5 c5
28. Bf6 Bb3 29. Bxe5+ Kc6 30. Rd7 Bxd1 31. Rc7# 1-0

[Event "X Open A"]
[Site "Bergamo ITA"]
[Date "2011.07.16"]
[Round "3"]
[White "Spence, David J."]
[Black "Attuati, Stefano"]
[WhiteElo "2214"]
[BlackElo "1963"]
[Result "1-0"]
[PlyCount "87"]
[EventDate "2011.07.15"]

1. e4 e6 2. d4 d5 3. Nc3 Nf6 4. e5 Nfd7 5. f4 c5 6. Nf3 Nc6 7. Be3 cxd4 8. Nxd4
Bc5 9. Qd2 O-O 10. O-O-O a6 11. h4 Nxd4 12. Bxd4 b5 13. h5 Qa5 14. Kb1 b4 15.
Ne2 Nb6 16. Bxc5 Qxc5 17. h6 Nc4 18. Qd4 Qxd4 19. Rxd4 g6 20. Nc1 a5 21. Bxc4
dxc4 22. Rxc4 Bb7 23. Rd1 Bxg2 24. Rd7 Rac8 25. Rcd4 Bd5 26. Nd3 Rc6 27. Nf2
Rfc8 28. Ng4 Rxc2 29. Rd1 R2c7 30. Nf6+ Kf8 31. Rxc7 Rxc7 32. Nxd5 exd5 33.
Rxd5 Rc8 34. Rxa5 Rb8 35. Kc2 Kg8 36. Kb3 Kf8 37. Ra4 Rd8 38. Rxb4 Rd3+ 39. Kc4
Rh3 40. a4 Rxh6 41. a5 Rh1 42. a6 Rc1+ 43. Kb5 h5 44. a7 1-0

[Event "X Open A"]
[Site "Bergamo ITA"]
[Date "2011.07.16"]
[Round "3"]
[White "Srebrnic, Vojko"]
[Black "Gonella, Daniele"]
[WhiteElo "2220"]
[BlackElo "2067"]
[Result "1-0"]
[PlyCount "23"]
[EventDate "2011.07.15"]

1. e4 e5 2. Bc4 Nf6 3. d3 c6 4. Nf3 d5 5. Bb3 Bd6 6. Nc3 dxe4 7. Ng5 O-O 8.
Ngxe4 Nxe4 9. Nxe4 Na6 10. Qh5 h6 11. Bxh6 gxh6 12. Qg6+ 1-0

[Event "X Open A"]
[Site "Bergamo ITA"]
[Date "2011.07.16"]
[Round "3"]
[White "Stella, Andrea"]
[Black "Godena, Michele"]
[Result "1/2-1/2"]
[WhiteElo "2412"]
[BlackElo "2525"]
[PlyCount "20"]
[EventDate "2011.07.15"]

1. c4 e5 2. g3 Nf6 3. Bg2 h6 4. Nc3 Bb4 5. e4 Bxc3 6. bxc3 d6 7. Ne2 b6 8. d3
Bb7 9. O-O Nbd7 10. h3 a6 1/2-1/2

[Event "X Open A"]
[Site "Bergamo ITA"]
[Date "2011.07.16"]
[Round "3"]
[White "Turazza, Andrea"]
[Black "Di Lascio, Savino"]
[WhiteElo "1922"]
[BlackElo "1982"]
[Result "0-1"]
[PlyCount "78"]
[EventDate "2011.07.15"]

1. d4 Nf6 2. c4 c5 3. d5 b5 4. cxb5 a6 5. e3 g6 6. Nc3 d6 7. bxa6 Bg7 8. Bb5+
Bd7 9. Bxd7+ Nbxd7 10. Nf3 O-O 11. O-O Rxa6 12. e4 Qa8 13. Nd2 Rb8 14. f4 Ne8
15. Qg4 Qa7 16. a3 c4+ 17. Kh1 Qc7 18. Nf3 Nc5 19. f5 Nb3 20. fxg6 hxg6 21. Rb1
Nxc1 22. Rfxc1 Qa5 23. Nd2 Bh6 24. Rd1 Qc5 25. Qe2 Rc8 26. b4 Qd4 27. Rbc1 Rxa3
28. Nb5 Qd3 29. Qg4 Raa8 30. Nf3 Qe3 31. Rc3 Qb6 32. Qh4 Bg7 33. Ng5 Qxb5 34.
Rf3 Nf6 35. Rdf1 c3 36. h3 c2 37. Rxf6 exf6 38. Rxf6 c1=Q+ 39. Kh2 Qxg5 0-1

[Event "X Open A"]
[Site "Bergamo ITA"]
[Date "2011.07.16"]
[Round "3"]
[White "Valsecchi, Alessio"]
[Black "Herbold, Manfred"]
[WhiteElo "2354"]
[BlackElo "2143"]
[Result "1-0"]
[PlyCount "59"]
[EventDate "2011.07.15"]

1. d4 e6 2. c4 Nf6 3. g3 Bb4+ 4. Bd2 Qe7 5. Nf3 Nc6 6. Nc3 Bxc3 7. Bxc3 Ne4 8.
Rc1 d6 9. Bg2 O-O 10. d5 Nxc3 11. Rxc3 Nb8 12. dxe6 fxe6 13. Nd4 c6 14. O-O Nd7
15. b4 e5 16. Nc2 Nf6 17. e4 Be6 18. Ne3 a5 19. b5 Rfd8 20. Qd2 Qf7 21. Rfc1
Qg6 22. bxc6 bxc6 23. Qc2 Qf7 24. Rd1 Ra7 25. Rcd3 Rad7 26. Qa4 d5 27. cxd5
cxd5 28. exd5 Qg6 29. Qxa5 Ne4 30. dxe6 1-0

[Event "X Open A"]
[Site "Bergamo ITA"]
[Date "2011.07.16"]
[Round "3"]
[White "Ventura, Franco"]
[Black "Locci, Damiano"]
[WhiteElo "2090"]
[BlackElo "2167"]
[Result "1/2-1/2"]
[PlyCount "119"]
[EventDate "2011.07.15"]

1. Nf3 d5 2. d4 Nc6 3. g3 Bf5 4. Bg2 e6 5. c3 Nf6 6. Nbd2 Bd6 7. b4 a6 8. O-O
O-O 9. Nb3 h6 10. Nc5 Qc8 11. Nd3 Ne4 12. Bb2 Bh7 13. Nfe5 Nb8 14. f3 Nf6 15.
c4 Bxd3 16. Qxd3 dxc4 17. Nxc4 Bxb4 18. e4 Nbd7 19. Qb3 Be7 20. Ne3 Nb6 21.
Rac1 Qd7 22. Rfd1 Rac8 23. d5 Qb5 24. Bh3 Bc5 25. Bd4 Bxd4 26. Rxd4 c5 27. Rdd1
Qxb3 28. axb3 Rfe8 29. dxe6 fxe6 30. Rd6 Rc6 31. Rxc6 bxc6 32. Rxc5 Nbd7 33.
Ra5 Nb8 34. Kf2 Kf7 35. Bf1 Re7 36. Nc4 Ke8 37. Ne5 Rb7 38. Bc4 Ke7 39. Ng6+
Kf7 40. Nf4 Re7 41. Nxe6 Rxe6 42. Re5 Nd5 43. Rxe6 Kxe6 44. f4 Kd6 45. exd5
cxd5 46. Be2 Kc5 47. Ke3 a5 48. g4 Nc6 49. h4 Kb4 50. f5 Kxb3 51. g5 hxg5 52.
hxg5 a4 53. Bd1+ Kb4 54. Bxa4 Kxa4 55. f6 gxf6 56. gxf6 Nd8 57. Kd4 Nf7 58.
Kxd5 Kb5 59. Ke6 Ng5+ 60. Ke7 1/2-1/2

[Event "X Open A"]
[Site "Bergamo ITA"]
[Date "2011.07.16"]
[Round "3"]
[White "Vezzosi, Paolo"]
[Black "Seyfried, Claus"]
[Result "1-0"]
[WhiteElo "2355"]
[BlackElo "2166"]
[PlyCount "91"]
[EventDate "2011.07.15"]

1. d4 d5 2. Nf3 c6 3. c4 e6 4. Nbd2 f5 5. g3 Nf6 6. Bg2 Bd6 7. b3 O-O 8. Bb2
Bd7 9. O-O Be8 10. Ne5 Nbd7 11. Nd3 Qe7 12. Nf3 Kh8 13. a4 a5 14. Qc1 Ne4 15.
Re1 Bh5 16. Nf4 Bf7 17. Ba3 c5 18. cxd5 exd5 19. dxc5 Ndxc5 20. Qb2 Rac8 21.
Red1 Nf6 22. Nd4 Qe5 23. Nd3 Nxd3 24. Rxd3 Bxa3 25. Qxa3 Ne4 26. Rad1 Rfd8 27.
b4 Rc4 28. bxa5 Nc5 29. Re3 Qf6 30. Nb5 d4 31. Red3 Nxd3 32. exd3 Rc6 33. Re1
Kg8 34. Bxc6 Qxc6 35. Qc1 Qd5 36. Qf4 g6 37. h4 Qb3 38. Qc7 Qd5 39. Re7 Re8 40.
Nd6 Rxe7 41. Qxe7 f4 42. gxf4 Qb3 43. Nxf7 Qxf7 44. Qd8+ Qf8 45. Qxf8+ Kxf8 46.
Kg2 1-0

[Event "X Open A"]
[Site "Bergamo ITA"]
[Date "2011.07.16"]
[Round "4"]
[White "Attuati, Stefano"]
[Black "Ficco, Corrado"]
[WhiteElo "1963"]
[BlackElo "2127"]
[Result "1/2-1/2"]
[PlyCount "69"]
[EventDate "2011.07.15"]

1. e4 c5 2. Nf3 e6 3. d4 cxd4 4. Nxd4 Nf6 5. Nc3 Nc6 6. Be3 Bb4 7. Bd3 d5 8.
exd5 Nxd5 9. Nxc6 bxc6 10. Bd2 Nxc3 11. bxc3 Be7 12. Qg4 Bf6 13. O-O e5 14. Qf3
Qc7 15. Be4 Bd7 16. Be3 O-O 17. Rfd1 Rfd8 18. Rxd7 Rxd7 19. Qf5 Qd6 20. Qxh7+
Kf8 21. g4 g5 22. Bxg5 Ke7 23. Bg6 Bxg5 24. Qxf7+ Kd8 25. Qe8+ Kc7 26. Qxa8
Qxg6 27. Qxa7+ Kd8 28. Qb8+ Ke7 29. Qxe5+ Kf7 30. a4 Re7 31. Qd4 Re4 32. Qd7+
Re7 33. Qd4 Re4 34. Qd7+ Re7 35. Qd4 1/2-1/2

[Event "X Open A"]
[Site "Bergamo ITA"]
[Date "2011.07.16"]
[Round "4"]
[White "Bocci, Alessandro"]
[Black "Sala, Giovanni"]
[WhiteElo "1941"]
[BlackElo "1967"]
[Result "0-1"]
[PlyCount "82"]
[EventDate "2011.07.15"]

1. d4 f5 2. c4 e6 3. g3 Nf6 4. Bg2 c6 5. Nh3 d5 6. Qc2 Be7 7. O-O O-O 8. b3 Bd7
9. Ba3 Bxa3 10. Nxa3 Qe7 11. Qb2 Be8 12. Rac1 Nbd7 13. Nf4 g5 14. Nd3 Bh5 15.
Nc5 Nxc5 16. dxc5 Ne4 17. Bxe4 fxe4 18. b4 Qf6 19. Qxf6 Rxf6 20. Rc2 d4 21. b5
d3 22. exd3 exd3 23. Rd2 Be2 24. Re1 Raf8 25. Rdxe2 dxe2 26. Rxe2 Rd8 27. bxc6
bxc6 28. Nc2 Rd7 29. Ne3 h5 30. Rb2 Rf8 31. Kf1 Kg7 32. h3 Rfd8 33. Ke2 Kf6 34.
Ng2 Rd3 35. Ne3 R8d7 36. Ke1 Ra3 37. Ng2 Ra5 38. Ne3 Rxc5 39. Ke2 Ra5 40. h4
gxh4 41. gxh4 Rd4 0-1

[Event "X Open A"]
[Site "Bergamo ITA"]
[Date "2011.07.16"]
[Round "4"]
[White "Bodiroga, Predrag"]
[Black "Srebrnic, Vojko"]
[Result "1/2-1/2"]
[WhiteElo "2395"]
[BlackElo "2220"]
[PlyCount "77"]
[EventDate "2011.07.15"]

1. d4 Nf6 2. c4 g6 3. Nc3 Bg7 4. e4 d6 5. h3 O-O 6. Nf3 c5 7. d5 e6 8. Bd3 exd5
9. cxd5 b5 10. O-O b4 11. Ne2 Ba6 12. Bxa6 Nxa6 13. Qd3 Nc7 14. Nd2 Nd7 15. f4
f5 16. Ng3 fxe4 17. Ndxe4 Nf6 18. f5 Nxe4 19. Qxe4 Qf6 20. Kh1 Rae8 21. Qf3 Qd4
22. Bf4 Be5 23. Qg4 Bxf4 24. Rxf4 Qg7 25. Qf3 Re5 26. fxg6 hxg6 27. Rxf8+ Qxf8
28. Qg4 Qe8 29. a3 b3 30. Rf1 Nxd5 31. Qc4 Kg7 32. Qxb3 Qe7 33. Rf3 Nf6 34. Qc3
Re1+ 35. Kh2 Qe5 36. Qa5 Qe7 37. Qc3 Qe5 38. Qa5 Qe7 39. Qc3 1/2-1/2

[Event "X Open A"]
[Site "Bergamo ITA"]
[Date "2011.07.16"]
[Round "4"]
[White "Brunelli, Giovanni"]
[Black "Gonella, Daniele"]
[WhiteElo "1943"]
[BlackElo "2067"]
[Result "0-1"]
[PlyCount "64"]
[EventDate "2011.07.15"]

1. e4 e5 2. Nf3 Nc6 3. Bc4 Bc5 4. b4 Bxb4 5. c3 Ba5 6. d4 Qe7 7. Ba3 d6 8. Qb3
Bb6 9. dxe5 Nxe5 10. Nxe5 Qxe5 11. Bxf7+ Kf8 12. Nd2 Bd7 13. O-O Nh6 14. Bd5
Ng4 15. Nf3 Qh5 16. Rae1 Re8 17. h3 Ne5 18. Nxe5 Rxe5 19. Kh2 Qh4 20. f4 Rh5
21. Be6 Bc6 22. g3 Qd8 23. e5 Rh6 24. exd6 cxd6 25. Rd1 Bc7 26. Bg4 Rf6 27.
Rfe1 h5 28. Be6 h4 29. g4 Rxf4 30. Rf1 Qf6 31. Bf5 Rxf1 32. Rxf1 Qe5+ 0-1

[Event "X Open A"]
[Site "Bergamo ITA"]
[Date "2011.07.16"]
[Round "4"]
[White "Brunello, Sabino"]
[Black "Drazic, Sinisa"]
[Result "1/2-1/2"]
[WhiteElo "2552"]
[BlackElo "2501"]
[PlyCount "21"]
[EventDate "2011.07.15"]

1. Nf3 Nf6 2. c4 e6 3. g3 a6 4. Bg2 b5 5. b3 c5 6. d3 Bb7 7. Bb2 Be7 8. O-O O-O
9. Nbd2 d6 10. e3 Qb6 11. Rc1 1/2-1/2

[Event "X Open A"]
[Site "Bergamo ITA"]
[Date "2011.07.16"]
[Round "4"]
[White "Buckley, Simon T."]
[Black "Gosio, Denis"]
[WhiteElo "2352"]
[BlackElo "2164"]
[Result "1-0"]
[PlyCount "65"]
[EventDate "2011.07.15"]

1. c4 e5 2. g3 Nf6 3. Bg2 d5 4. cxd5 Nxd5 5. Nc3 Nb6 6. Nf3 Nc6 7. O-O Be7 8.
d3 Be6 9. Be3 O-O 10. Ne4 h6 11. Nc5 Bc8 12. Rc1 Nd5 13. Bd2 b6 14. Qa4 Nb8 15.
Ne4 f6 16. Nc3 Nxc3 17. bxc3 Bb7 18. Qg4 Qc8 19. Qc4+ Kh7 20. Nh4 Bxg2 21. Kxg2
f5 22. Nf3 Nd7 23. e4 Bd6 24. Rce1 Nc5 25. exf5 Qxf5 26. Re3 Rad8 27. d4 exd4
28. cxd4 Ne4 29. Qd3 Kg8 30. Kg1 Rfe8 31. Rfe1 Qd5 32. Rxe4 Rxe4 33. Rxe4 1-0

[Event "X Open A"]
[Site "Bergamo ITA"]
[Date "2011.07.16"]
[Round "4"]
[White "Cani, Gazmir"]
[Black "Borgo, Giulio"]
[WhiteElo "2114"]
[BlackElo "2404"]
[Result "0-1"]
[PlyCount "90"]
[EventDate "2011.07.15"]

1. d4 d5 2. c4 e6 3. Nf3 Nf6 4. Nc3 c6 5. Bg5 Nbd7 6. e3 Qa5 7. Nd2 Bb4 8. Rc1
Ne4 9. Ndxe4 dxe4 10. Bf4 Qxa2 11. Qc2 O-O 12. Be2 e5 13. O-O Qa5 14. Ra1 Qc7
15. dxe5 Nxe5 16. Nxe4 Qe7 17. Nc3 Ng6 18. Bg3 f5 19. Na4 Be6 20. Bd3 Qf6 21.
f4 Ne7 22. Be1 Bxe1 23. Raxe1 Rad8 24. Nc5 Bc8 25. Nb3 c5 26. e4 Nc6 27. e5 Qe7
28. Re3 Nb4 29. Qc3 Be6 30. Be2 b6 31. h3 Rd7 32. g4 Rfd8 33. Rg3 a5 34. gxf5
Bxf5 35. Rg5 Qe6 36. Nc1 h6 37. Rxf5 Qxf5 38. Bg4 Qg6 39. f5 Qg5 40. e6 Rd4 41.
Qg3 h5 42. e7 Re8 43. f6 gxf6 44. Rf5 Qxc1+ 45. Bd1+ Kf7 0-1

[Event "X Open A"]
[Site "Bergamo ITA"]
[Date "2011.07.16"]
[Round "4"]
[White "Castrogiovanni, Carlo"]
[Black "Gromovs, Sergejs"]
[WhiteElo "1995"]
[BlackElo "2303"]
[Result "0-1"]
[PlyCount "40"]
[EventDate "2011.07.15"]

1. d4 Nf6 2. c4 e5 3. dxe5 Ng4 4. Bf4 Nc6 5. Nf3 Bb4+ 6. Nbd2 Qe7 7. e3 Ngxe5
8. Be2 Nxf3+ 9. Bxf3 Nd4 10. Bxc7 d6 11. Qa4+ Bd7 12. Qd1 Nxf3+ 13. Qxf3 Bc6
14. Qg3 O-O 15. Bxd6 Bxd6 16. Qg4 f5 17. Qe2 Bxg2 18. Rg1 Bc6 19. f4 Rfe8 20.
O-O-O Qxe3 0-1

[Event "X Open A"]
[Site "Bergamo ITA"]
[Date "2011.07.16"]
[Round "4"]
[White "Chiarion, Elisa"]
[Black "Mola, Pietro"]
[WhiteElo "1964"]
[BlackElo "2244"]
[Result "1-0"]
[PlyCount "95"]
[EventDate "2011.07.15"]

1. e4 c5 2. Nf3 d6 3. d4 cxd4 4. Nxd4 Nf6 5. Nc3 a6 6. f4 Nbd7 7. Be2 g6 8. O-O
Bg7 9. Kh1 O-O 10. a4 Qc7 11. Bf3 Rb8 12. Qe1 e5 13. Nde2 b5 14. axb5 axb5 15.
Be3 b4 16. Ra7 Qc6 17. Na2 Qxc2 18. Nxb4 Qb3 19. Bd2 Bb7 20. Nc1 Qc4 21. b3 Qb5
22. Nd5 Nxd5 23. Ra5 Qb6 24. exd5 exf4 25. Bxf4 Rfe8 26. Qd2 Ne5 27. Be2 Ra8
28. Rb5 Qc7 29. Nd3 Ba6 30. Rc1 Qd8 31. Rb4 Bxd3 32. Bxd3 Rb8 33. Bf1 Qd7 34.
Rxb8 Rxb8 35. b4 h5 36. h3 Rb6 37. Be3 Rb8 38. b5 Rxb5 39. Bxb5 Qxb5 40. Bh6
Kh7 41. Bxg7 Kxg7 42. Qd4 Qe2 43. Rc6 Qe1+ 44. Kh2 h4 45. Rxd6 Qg3+ 46. Kh1 f6
47. Qa7+ Kh6 48. Rxf6 1-0

[Event "X Open A"]
[Site "Bergamo ITA"]
[Date "2011.07.16"]
[Round "4"]
[White "Di Lascio, Savino"]
[Black "Bemporad, Filippo"]
[WhiteElo "1982"]
[BlackElo "2068"]
[Result "0-1"]
[PlyCount "114"]
[EventDate "2011.07.15"]

1. Nf3 c5 2. e4 Nc6 3. g3 g6 4. Bg2 Bg7 5. O-O e6 6. d3 Nge7 7. c3 d5 8. Qe2
O-O 9. h3 b6 10. Re1 Bb7 11. e5 Qc7 12. Bf4 b5 13. Nbd2 a5 14. Nf1 b4 15. N1h2
Kh8 16. Ng4 Ng8 17. Rac1 h5 18. Nf6 Qe7 19. g4 Nxf6 20. exf6 Bxf6 21. gxh5 g5
22. Bd2 Rg8 23. Nh2 Ne5 24. d4 Ba6 25. dxe5 Bxe2 26. exf6 Qxf6 27. Rxe2 Rac8
28. Ng4 Qd8 29. Re5 f5 30. Nh6 Qf6 31. Nxg8 Qxe5 32. Ne7 Qe2 33. Bxg5 Rc7 34.
Ng6+ Kh7 35. Nf4 Qxb2 36. Nxe6 Rc8 37. cxb4 axb4 38. Bxd5 c4 39. Be3 Qe5 40.
Ng5+ Kg7 41. Rd1 Kf8 42. Ne6+ Ke8 43. h6 c3 44. Bf4 c2 45. Rd3 Qxf4 46. Ng7+
Kf8 47. Ne6+ Ke7 48. h7 c1=Q+ 49. Kg2 Qh6 50. Bb7 Qxh7 51. Re3 Kf6 52. Nf4 Qxe3
53. fxe3 Rd8 54. Kf3 Rd2 55. Kg3 Qg7+ 56. Kf3 Qg1 57. Ne2 Qf1+ 0-1

[Event "X Open A"]
[Site "Bergamo ITA"]
[Date "2011.07.16"]
[Round "4"]
[White "Georgiev, Vladimir"]
[Black "Stella, Andrea"]
[Result "1-0"]
[WhiteElo "2559"]
[BlackElo "2412"]
[PlyCount "91"]
[EventDate "2011.07.15"]

1. d4 Nf6 2. Nf3 g6 3. Nbd2 d5 4. e3 Bg7 5. b4 O-O 6. Be2 Bg4 7. c4 Ne4 8. Qb3
Nxd2 9. Bxd2 dxc4 10. Bxc4 Bxf3 11. gxf3 Nd7 12. f4 c5 13. bxc5 Nxc5 14. Qa3
Ne4 15. Bb4 Bf6 16. Bd3 Qd5 17. Qb3 Nc3 18. Qxd5 Nxd5 19. Bd2 e6 20. Rb1 Rab8
21. Ke2 Rfc8 22. Rhc1 Rxc1 23. Rxc1 Be7 24. Be4 Bd6 25. a4 Kf8 26. Rb1 Ke7 27.
Kd3 b6 28. Rc1 Kd7 29. Bf3 Ba3 30. Rb1 Bd6 31. h4 Rc8 32. h5 Ke7 33. hxg6 hxg6
34. a5 bxa5 35. Rb5 Rb8 36. Rxa5 Rb3+ 37. Kc4 Rb2 38. Rxa7+ Kf8 39. Ba5 Rc2+
40. Kd3 Rxf2 41. Bxd5 exd5 42. Rd7 Ra2 43. Bd8 Ra3+ 44. Ke2 Ra6 45. Bf6 Bc7 46.
Be7+ 1-0

[Event "X Open A"]
[Site "Bergamo ITA"]
[Date "2011.07.16"]
[Round "4"]
[White "Giancotti, Eraldo"]
[Black "Cattaneo, Marco"]
[WhiteElo "2070"]
[BlackElo "1991"]
[Result "1-0"]
[PlyCount "53"]
[EventDate "2011.07.15"]

1. d4 f5 2. c4 Nf6 3. Nc3 g6 4. Nf3 Bg7 5. g3 d6 6. Bg2 O-O 7. O-O Qe8 8. d5
Na6 9. Nd4 Bd7 10. Rb1 c6 11. b3 Nc7 12. Re1 c5 13. Nc2 Ng4 14. Bd2 f4 15. gxf4
Bxc3 16. Bxc3 Rxf4 17. f3 Ne5 18. Qd2 g5 19. Bxe5 dxe5 20. Qe3 e4 21. fxe4 Na6
22. Rf1 Qf7 23. Qg3 h6 24. e5 Bg4 25. e3 Rxf1+ 26. Rxf1 Qh5 27. d6 1-0

[Event "X Open A"]
[Site "Bergamo ITA"]
[Date "2011.07.16"]
[Round "4"]
[White "Gorbatov, Alexej"]
[Black "Spence, David J."]
[Result "1/2-1/2"]
[WhiteElo "2375"]
[BlackElo "2214"]
[PlyCount "113"]
[EventDate "2011.07.15"]

1. e4 e6 2. Qe2 Be7 3. d3 d5 4. e5 h5 5. g3 b6 6. Bg2 Bb7 7. Nh3 g6 8. Nd2 Nc6
9. Nf3 Nh6 10. Bg5 Bxg5 11. Nhxg5 Nd4 12. Qd2 Nxf3+ 13. Bxf3 Qd7 14. Qf4 O-O-O
15. O-O-O c5 16. h3 Nf5 17. c3 h4 18. g4 Nh6 19. Rhe1 Kb8 20. Kb1 Qe7 21. Bg2
a6 22. d4 c4 23. Qf6 Rde8 24. Re3 Rhf8 25. Rf3 Qxf6 26. Rxf6 Re7 27. Rf4 Rh8
28. Re1 Bc6 29. Bf3 Ba4 30. Kc1 Kc8 31. Kd2 Be8 32. Bd1 Rg8 33. Bc2 Rg7 34. Rf3
b5 35. Rfe3 Rb7 36. f4 b4 37. cxb4 Rxb4 38. Kc3 a5 39. Rh1 Ng8 40. Nf3 Ne7 41.
Nxh4 Nc6 42. a3 Rb6 43. Ba4 Rg8 44. Bxc6 Bxc6 45. Kc2 Kd7 46. Kc1 Rgb8 47. Rh2
Rb3 48. Rhe2 Bb5 49. Rxb3 cxb3 50. Re3 Rc8+ 51. Kd1 a4 52. Rg3 Rc4 53. Rd3 Rc8
54. Rg3 Rc4 55. Rd3 Rc8 56. Rg3 Rc4 57. Rd3 1/2-1/2

[Event "X Open A"]
[Site "Bergamo ITA"]
[Date "2011.07.16"]
[Round "4"]
[White "Guzzetti, Luigi Enrico"]
[Black "De Nisi, Roberta"]
[WhiteElo "1962"]
[BlackElo "1964"]
[Result "0-1"]
[PlyCount "114"]
[EventDate "2011.07.15"]

1. e4 e6 2. d4 d5 3. e5 c5 4. c3 Nc6 5. Nf3 Qb6 6. Be2 Bd7 7. O-O cxd4 8. cxd4
Rc8 9. Nc3 a6 10. Rb1 Bb4 11. Na4 Qc7 12. a3 Be7 13. b4 b5 14. Nc5 Bxc5 15.
bxc5 Nge7 16. a4 bxa4 17. Bxa6 Rb8 18. Rxb8+ Qxb8 19. Ba3 O-O 20. Bd3 h6 21.
Bc2 Qa7 22. Qd3 g6 23. h4 Ra8 24. h5 Qa6 25. hxg6 fxg6 26. Qd2 Kg7 27. Bc1 Ng8
28. Ba3 Na5 29. Bd3 Bb5 30. Bxb5 Qxb5 31. Re1 Nc4 32. Qb4 Qxb4 33. Bxb4 Ne7 34.
Ra1 a3 35. Nd2 a2 36. Bc3 Ra3 37. Bb4 Ra4 38. Bc3 Nc6 39. Nf3 N6a5 40. Bxa5
Nxa5 41. Nd2 Nc6 42. Nb3 Rb4 43. Rxa2 Rxb3 44. Ra6 Nxd4 45. c6 Rc3 46. Ra7+ Kf8
47. c7 Ke8 48. Ra8+ Kd7 49. Rh8 Nf5 50. g4 Ne7 51. Rxh6 d4 52. Kf1 Kxc7 53. Ke2
Kc6 54. Rh7 Nd5 55. Rg7 Nf4+ 56. Kd2 Kd5 57. Ra7 Kxe5 0-1

[Event "X Open A"]
[Site "Bergamo ITA"]
[Date "2011.07.16"]
[Round "4"]
[White "Herbold, Manfred"]
[Black "De Palma, Fabrizio"]
[WhiteElo "2143"]
[BlackElo "2064"]
[Result "1/2-1/2"]
[PlyCount "70"]
[EventDate "2011.07.15"]

1. b4 Nf6 2. c4 g6 3. Bb2 Bg7 4. Nf3 d6 5. g3 O-O 6. Bg2 e5 7. O-O Nh5 8. Qb3
f5 9. c5+ Kh8 10. Na3 a5 11. bxa5 Na6 12. cxd6 cxd6 13. Nc4 Nc5 14. Qb4 Qe7 15.
d4 e4 16. Nfd2 Ne6 17. Nb3 Ra6 18. e3 Nf6 19. Nb6 Nc7 20. Ba3 Rd8 21. Rfc1 Be6
22. Bf1 Nfd5 23. Nxd5 Nxd5 24. Qd2 Raa8 25. Rc2 b6 26. Bb2 Rab8 27. Bc4 bxa5
28. Bxd5 Bxd5 29. Nxa5 Rb5 30. Nb3 h5 31. Nc1 Qb7 32. a4 Ra5 33. Ne2 Bb3 34.
Rc3 Rxa4 35. Rac1 Ra7 1/2-1/2